000 00476nam a2200181Ia 4500
001 23154
005 20260414150918.0
008 260414t2012||||xx |||||||||||||| ||spa||
041 _aESP
082 _a624.2
_bZ941
100 _aZhao, Jim J.
_eAUT
245 0 _aBridge engineering :
_bdesign, rehabilitation, and maintenance of modern highway bridges
260 _c2012
300 _a518 páginas :
_c28 cm.
650 _a0
654 _aCIC
942 _cLIB
_dJUS
_fJUS
_2ddc
_n
999 _c23154
_d23154